[Event "Ungdoms-DM U10 2024"]
[Site "Odense"]
[Date "2024.10.06"]
[Round "7.7"]
[White "Mikkelsen, Anders Askjaer"]
[Black "Elnegaard, Tristan Lund"]
[Result "1/2-1/2"]
[WhiteElo "1775"]
[BlackElo "1765"]
[WhiteFideId "1477765"]
[BlackFideId "1480707"]
[EventDate "2024.10.05"]
[EventType "swiss"]
[EventRounds "7"]
[EventCountry "DEN"]
[SourceTitle "Live v. Kasper Jerwiarz"]

1. e4 e6 2. d4 d5 3. exd5 exd5 4. c4 Nf6 5. Nf3 c6 6. Nc3 Be6 7. cxd5 Nxd5 8. Nxd5 cxd5 9. Qb3 Qb6 10. Bb5+ Nc6 11. Ne5 Bd6 12. Bxc6+ bxc6 13. Qxb6 axb6 14. Nxc6 f6 15. Bd2 Rc8 16. Nb4 Rc4 17. a3 Bxb4 18. axb4 O-O 19. Bc3 Rcc8 20. Kd2 Ra8 21. Rhe1 Kf7 22. Kc2 Bf5+ 23. Kb3 Rfe8 24. Rxe8 Rxe8 25. Bd2 Rc8 26. Ra6 h5 27. Bc3 b5 28. Ra7+ Kg6 29. Ra1 1/2-1/2

[Event "Ungdoms-DM U10 2024"]
[Site "Odense"]
[Date "2024.10.06"]
[Round "7.8"]
[White "Jacobsen, Samuel Bro"]
[Black "Berglund, Viktor Markvard"]
[Result "1/2-1/2"]
[WhiteElo "1840"]
[BlackElo "1437"]
[WhiteFideId "1480740"]
[BlackFideId "1481622"]
[EventDate "2024.10.05"]
[EventType "swiss"]
[EventRounds "7"]
[EventCountry "DEN"]
[SourceTitle "Live v. Kasper Jerwiarz"]

1. e4 c6 2. d4 d5 3. exd5 cxd5 4. Nf3 Nc6 5. Bb5 Bd7 6. O-O Nf6 7. Bg5 e6 8. c3 Be7 9. Nbd2 O-O 10. Re1 Re8 11. Nb3 h6 12. Bh4 a6 13. Bd3 Qc7 14. Bc2 Qb8 15. Qd3 Ne4 16. Bxe7 Nxe7 17. Nc5 Bb5 18. Qd1 Nxc5 19. dxc5 Qc7 20. a4 Bc6 21. a5 Bb5 1/2-1/2

[Event "Ungdoms-DM U10 2024"]
[Site "Odense"]
[Date "2024.10.06"]
[Round "7.9"]
[White "Hagen, Frida Bjerregaard"]
[Black "Jorgensen, August Ronbak"]
[Result "1-0"]
[WhiteElo "1607"]
[BlackElo "1509"]
[WhiteFideId "1472089"]
[BlackFideId "1483153"]
[EventDate "2024.10.05"]
[EventType "swiss"]
[EventRounds "7"]
[EventCountry "DEN"]
[SourceTitle "Live v. Kasper Jerwiarz"]

1. d4 Nf6 2. Nf3 g6 3. e3 Bg7 4. Be2 O-O 5. O-O d6 6. b3 e5 7. dxe5 dxe5 8. Nxe5 Ne4 9. Bb2 Nc6 10. Nc4 b5 11. Bxg7 Kxg7 12. Ncd2 Nxd2 13. Qxd2 a6 14. Qc3+ Qf6 15. Qxf6+ Kxf6 16. Nc3 Rd8 17. Bf3 Bb7 18. Nd5+ Kg7 19. Nxc7 Rac8 20. Nd5 Ne5 21. e4 Nxf3+ 22. gxf3 Bxd5 23. exd5 Rxd5 24. Rfc1 Rg5+ 25. Kf1 Rc3 26. Ke2 Rf5 27. a4 bxa4 28. Rxa4 Rcxf3 29. Rf1 Rc3 30. Ra2 h5 31. Kd2 Rh3 32. Rxa6 Rxh2 33. Ke2 h4 34. Ra4 Rh5 35. Kf3 Rh3+ 36. Kg2 Rc3 37. Ra2 h3+ 38. Kh2 Rcc5 39. Rg1 Rcd5 40. Rg3 Rd2 41. Rxh3 Rxf2+ 42. Kg3 Rxh3+ 43. Kxh3 f5 44. Kg3 Rd2 45. b4 g5 46. b5 f4+ 47. Kf3 Kf6 48. b6 Rd8 49. c4 Kf5 50. c5 g4+ 51. Kf2 g3+ 52. Ke1 Kg4 53. Re2 f3 54. Re6 Kf5 55. Re7 g2 56. Rg7 Rd1+ 57. Kf2 Rf1+ 58. Ke3 g1=Q+ 59. Rxg1 Rxg1 60. b7 Rb1 61. c6 f2 62. Kxf2 Ke6 63. c7 Rxb7 64. c8=Q+ Rd7 65. Ke3 Kd6 66. Ke4 Re7+ 67. Kd4 Rd7 68. Qa6+ Ke7+ 69. Ke5 Ke8 70. Qc8+ Rd8 71. Qe6+ Kf8 72. Kf6 Rd6 73. Qxd6+ Kg8 74. Qd7 Kh8 75. Qg7# 1-0

[Event "Ungdoms-DM U10 2024"]
[Site "Odense"]
[Date "2024.10.06"]
[Round "7.10"]
[White "Arnfred, Solal Hojlund"]
[Black "Saravanan, Saidarshish"]
[Result "1-0"]
[WhiteElo "1536"]
[BlackElo "1573"]
[WhiteFideId "1477757"]
[BlackFideId "1477790"]
[EventDate "2024.10.05"]
[EventType "swiss"]
[EventRounds "7"]
[EventCountry "DEN"]
[SourceTitle "Live v. Kasper Jerwiarz"]

1. d4 d5 2. c4 Nf6 3. Bf4 dxc4 4. e3 Nc6 5. Nc3 e6 6. Bxc4 Be7 7. Nf3 O-O 8. O-O Bd7 9. Nb5 Ne8 10. Ne5 Nxe5 11. Bxe5 c6 12. Nc3 Nf6 13. Qf3 Qb6 14. Bb3 c5 15. dxc5 Qxc5 16. Bd4 Qc6 17. Qxc6 Bxc6 18. Na4 Bb5 19. Rfd1 Rfd8 20. Nc5 b6 21. Nd3 e5 22. Nxe5 Be8 23. Bc3 Ne4 24. Bd4 Rac8 25. Rac1 Rxc1 26. Rxc1 Bf6 27. h3 Nd2 28. Rc7 Nxb3 29. axb3 a5 30. Nc6 Bxd4 31. Nxd8 1-0